Security Analysis and Portfolio Management (Record no. 4840)

MARC details
000 -LEADER
fixed length control field 00364nam a2200145Ia 4500
008 - FIXED-LENGTH DATA ELEMENTS--GENERAL INFORMATION
fixed length control field 191201s2010 xx 000 0 und d
082 ## - DEWEY DECIMAL CLASSIFICATION NUMBER
Classification number 632.6
Item number TII
100 ## - MAIN ENTRY--PERSONAL NAME
Personal name TIWARI, Ravi Shekhar
245 #0 - TITLE STATEMENT
Title Security Analysis and Portfolio Management
250 ## - EDITION STATEMENT
Edition statement 1st
260 ## - PUBLICATION, DISTRIBUTION, ETC. (IMPRINT)
Place of publication, distribution, etc N.Delhi
Name of publisher, distributor, etc Arihant Publication
Date of publication, distribution, etc 2010
300 ## - PHYSICAL DESCRIPTION
Extent 236
650 ## - SUBJECT ADDED ENTRY--TOPICAL TERM
Topical term or geographic name as entry element BBA
942 ## - ADDED ENTRY ELEMENTS (KOHA)
Source of classification or shelving scheme Dewey Decimal Classification
Koha item type Text Books
Holdings
Withdrawn status Lost status Source of classification or shelving scheme Damaged status Not for loan Collection code Home library Current library Date acquired Source of acquisition Cost, normal purchase price Bill Number Total Checkouts Full call number Acc. no. / Barcode Date last seen Bill Date Koha item type Date last borrowed Public note
    Dewey Decimal Classification     BBA PIET C-LIBRARY PIET C-LIBRARY 29/07/2011 The book company 225.00 IN-858   332.6 SHS 17475 04/12/2019 27/07/2011 Text Books    
    Dewey Decimal Classification     BBA PIET C-LIBRARY PIET C-LIBRARY 29/07/2011 The book company 225.00 IN-858 2 332.6 SHS 17476 01/12/2025 27/07/2011 Text Books 17/11/2025  
    Dewey Decimal Classification     BBA PIET C-LIBRARY PIET C-LIBRARY 29/07/2011 The book company 225.00 IN-858 2 332.6 SHS 17477 19/12/2025 27/07/2011 Text Books 01/12/2025  
    Dewey Decimal Classification     BBA PIET C-LIBRARY PIET C-LIBRARY 29/07/2011 The book company 225.00 IN-858 1 332.6 SHS 17478 19/12/2025 27/07/2011 Text Books 01/12/2025  
    Dewey Decimal Classification     BBA PIET C-LIBRARY PIET C-LIBRARY 29/07/2011 The book company 225.00 IN-858   332.6 SHS 17479 04/12/2019 27/07/2011 Text Books    
    Dewey Decimal Classification     BBA PIET C-LIBRARY PIET C-LIBRARY 29/07/2011 The book company 225.00 IN-858 1 632.6 TII 17480 12/05/2023 27/07/2011 Text Books 26/04/2023  
    Dewey Decimal Classification     BBA PIET C-LIBRARY PIET C-LIBRARY 29/07/2011 The book company 225.00 IN-858 3 332.6 SHS 17481 05/01/2026 27/07/2011 Text Books 19/12/2025 .

Design & Developed by: PIET Central Library
R70 Miles Stone Pattikalyana Samalkha Panipat 132102
mail ID :- [email protected], Phone No:- 0180-2569700 Ex.216